| 000 | 00497nam a2200169Ia 4500 | ||
|---|---|---|---|
| 008 | 180921t2018 xxu||||| |||| 00| 0 sin d | ||
| 041 | _asin | ||
| 080 |
_a809.13 _bSUM |
||
| 100 | _aSumogala Himi, Hikkaduwe | ||
| 245 | _aකච්චායනව්යාකරණසරුපවිඤ්ඤාපන | ||
| 246 | _aKachchayanaweyakaranasarupavigagapana | ||
| 260 |
_bGodage _aColombo _c2018 |
||
| 300 | _b128p, 21cm | ||
| 942 | _cBK | ||
| 999 |
_c5518 _d5518 |
||
| 003 | LK-CoDNM | ||
| 040 |
_aLK-CoDNM _dLK-CoDNM _eLK-CoDNM |
||